[Event "Rhein Main op-A 25th"]
[Site "Bad Homburg"]
[Date "2023.06.11"]
[Round "7"]
[White "Di Franco, Patricio"]
[Black "Kutzner, Joachim"]
[Result "1/2-1/2"]
[WhiteElo "2052"]
[BlackElo "1875"]
[PlyCount "43"]
[EventDate "2023.06.07"]
[EventType "swiss"]
[EventRounds "7"]
[EventCountry "GER"]
[SourceTitle "CBM 215 Extra"]
[Source "ChessBase"]
[SourceDate "2023.09.30"]
[SourceVersion "1"]
[SourceVersionDate "2023.09.30"]
[SourceQuality "1"]

1. d4 Nf6 2. Nf3 g6 3. g3 Bg7 4. Bg2 0-0 5. 0-0 d6 6. a4 a5 7. Re1 Nc6 8. e4 e5 9. c3 Re8 10. d5 Nb8 11. Na3 Na6 12. Nb5 Rf8 13. b3 h6 14. Ba3 Nh7 15. b4 axb4 16. cxb4 f5 17. Nh4 Qe8 18. Rc1 Bf6 19. Rxc7 Nxc7 20. Nxc7 Qxa4 21. Nxa8 Qxa8 22. Bc1 1/2-1/2

[Event "Rhein Main op-A 25th"]
[Site "Bad Homburg"]
[Date "2023.06.10"]
[Round "5"]
[White "Karaissaridis, Christos"]
[Black "Di Franco, Patricio"]
[Result "0-1"]
[WhiteElo "1895"]
[BlackElo "2052"]
[PlyCount "140"]
[EventDate "2023.06.07"]
[EventType "swiss"]
[EventRounds "7"]
[EventCountry "GER"]
[SourceTitle "CBM 215 Extra"]
[Source "ChessBase"]
[SourceDate "2023.09.30"]
[SourceVersion "1"]
[SourceVersionDate "2023.09.30"]
[SourceQuality "1"]

1. g3 Nf6 2. Nf3 g6 3. Bg2 d5 4. 0-0 Bg7 5. d3 0-0 6. Nc3 d4 7. Nb1 Nc6 8. c4 Re8 9. a3 a5 10. Bg5 Nd7 11. g4 Nc5 12. h3 h6 13. Bh4 Bd7 14. Nbd2 Qc8 15. Bg3 e5 16. Nh2 f5 17. Bd5+ Kh8 18. f3 Nd8 19. b4 Na4 20. Nb1 Nb6 21. bxa5 Rxa5 22. Qb3 Ba4 23. Qb4 Ra6 24. f4 e4 25. Bh4 c5 26. Qb2 Nxd5 27. cxd5 e3 28. Rc1 Rd6 29. Qb4 cxb4 30. Rxc8 b3 31. gxf5 gxf5 32. Ra8 Bb5 33. a4 Ba6 34. Na3 Bf6 35. Bxf6+ Rxf6 36. Kh1 Rg8 37. Rg1 Rxg1+ 38. Kxg1 Rf8 39. Nf3 Kg7 40. Nxd4 b2 41. Kg2 Kf6 42. Ndc2 Re8 43. Kf3 Ke7 44. Nxe3 Kd6 45. Nxf5+ Kc5 46. Ne3 Kb4 47. Nb1 Kb3 48. Nd1 Kc2 49. Ndc3 Rg8 50. Kf2 Rf8 51. Ke3 Re8+ 52. Kf2 Rf8 53. Kg3 Rg8+ 54. Kh2 Re8 55. d6 b5 56. axb5 Bxb5 57. Rc8 Ba6 58. d7 Rg8 59. f5 Bb7 60. h4 Bc6 61. Rc7 Rg2+ 62. Kh3 Rg7 63. e4 Kxd3 64. e5 Bxd7 65. e6 Nxe6 66. Rxd7+ Rxd7 67. fxe6 Ra7 68. Nd5 Kc2 69. Nbc3 Rg7 70. h5 Rg5 0-1

[Event "Rhein Main op-A 25th"]
[Site "Bad Homburg"]
[Date "2023.06.08"]
[Round "2"]
[White "Di Franco, Patricio"]
[Black "Kleibel, Uwe"]
[Result "0-1"]
[WhiteElo "2052"]
[BlackElo "2253"]
[PlyCount "70"]
[EventDate "2023.06.07"]
[EventType "swiss"]
[EventRounds "7"]
[EventCountry "GER"]
[SourceTitle "CBM 215 Extra"]
[Source "ChessBase"]
[SourceDate "2023.09.30"]
[SourceVersion "1"]
[SourceVersionDate "2023.09.30"]
[SourceQuality "1"]

1. Nf3 d5 2. c4 c6 3. d4 Nf6 4. Nc3 dxc4 5. e4 b5 6. Be2 e6 7. 0-0 Bb7 8. Rb1 Qc7 9. Bg5 Nbd7 10. d5 e5 11. b3 b4 12. dxc6 Bxc6 13. Nd5 Bxd5 14. exd5 c3 15. Bxf6 gxf6 16. Qc2 0-0-0 17. a3 a5 18. axb4 Bxb4 19. Rbc1 Kb8 20. Nd2 Nb6 21. Nc4 Nxd5 22. Ra1 Nf4 23. Bf3 Rd4 24. Qf5 Rhd8 25. Qxf6 e4 26. Bg4 h5 27. Bd1 Be7 28. Qa6 Rxd1 29. Qb5+ Qb7 30. Qe5+ Bd6 31. Rfxd1 Bxe5 32. Rxd8+ Kc7 33. Rad1 Nd3 34. Rf8 Qxb3 35. Rxf7+ Kd8 0-1

[Event "Bayern-chI Bank Hofmann 25th"]
[Site "Tegernsee"]
[Date "2022.11.08"]
[Round "4"]
[White "Reimann, Sebastian"]
[Black "Di Franco, Patricio"]
[Result "1-0"]
[WhiteElo "2256"]
[BlackElo "2046"]
[PlyCount "85"]
[EventDate "2022.11.05"]
[EventType "swiss"]
[EventRounds "9"]
[EventCountry "GER"]
[SourceTitle "CBM 211 Extra"]
[Source "ChessBase"]
[SourceDate "2023.01.31"]
[SourceVersion "1"]
[SourceVersionDate "2023.01.31"]
[SourceQuality "1"]

1. e4 c5 2. Nf3 Nc6 3. d4 cxd4 4. Nxd4 Nf6 5. Nc3 h5 6. h3 e5 7. Ndb5 d6 8. Nd5 Nxd5 9. exd5 Ne7 10. c4 Nf5 11. Bd3 g6 12. 0-0 a6 13. Nc3 Bg7 14. a4 a5 15. Nb5 0-0 16. Ra2 Bd7 17. Bxf5 Bxf5 18. Be3 b6 19. Qd2 Bf6 20. b4 axb4 21. Qxb4 Be7 22. Nc3 Rb8 23. Rb2 Qc8 24. Nb5 Qd7 25. f4 Rfd8 26. Qc3 Bf6 27. fxe5 Bxe5 28. Bd4 Re8 29. Rbf2 Ra8 30. Bxe5 Rxe5 31. Qa3 h4 32. Qxd6 Qxd6 33. Nxd6 Rxa4 34. Rf4 Bd3 35. Nxf7 Re7 36. R1f2 Rxc4 37. d6 Re1+ 38. Kh2 Rxf4 39. Rxf4 Bb5 40. Ng5 Rd1 41. Rb4 Rd5 42. Ne4 Rf5 43. Rxb5 1-0

[Event "Rhein Main op-A 24th"]
[Site "Bad Homburg"]
[Date "2022.06.18"]
[Round "6"]
[White "Di Franco, Patricio"]
[Black "Rabiya, Karim"]
[Result "0-1"]
[WhiteElo "2082"]
[BlackElo "1823"]
[PlyCount "70"]
[EventDate "2022.06.15"]
[EventType "swiss"]
[EventRounds "7"]
[EventCountry "GER"]
[SourceTitle "EXT 2023"]
[Source "ChessBase"]
[SourceDate "2022.10.05"]
[SourceVersion "1"]
[SourceVersionDate "2022.10.05"]
[SourceQuality "1"]

1. d4 Nf6 2. c4 e6 3. Bf4 Bb4+ 4. Nd2 Nh5 5. Be3 f5 6. a3 Be7 7. g3 g5 8. f3 b6 9. Bf2 Bb7 10. e4 f4 11. g4 Nf6 12. h4 gxh4 13. Bxh4 d6 14. Bf2 h5 15. Bd3 e5 16. Ne2 Nbd7 17. Qc2 h4 18. Rxh4 Rxh4 19. Bxh4 Nxg4 20. Bxe7 Qxe7 21. fxg4 Qh4+ 22. Kd1 Qh1+ 23. Nf1 Qxf1+ 24. Kd2 Qxa1 25. Nc1 0-0-0 26. c5 dxc5 27. d5 c6 28. Kc3 cxd5 29. exd5 Nf6 30. Bf5+ Kc7 31. Be6 Bxd5 32. Bxd5 Nxd5+ 33. Kb3 Rd7 34. g5 f3 35. Nd3 Ne3 0-1

[Event "Rhein Main op-A 24th"]
[Site "Bad Homburg"]
[Date "2022.06.15"]
[Round "1"]
[White "Di Franco, Patricio"]
[Black "Hilbenz, Guntram"]
[Result "1-0"]
[WhiteElo "2082"]
[BlackElo "1811"]
[PlyCount "61"]
[EventDate "2022.06.15"]
[EventType "swiss"]
[EventRounds "7"]
[EventCountry "GER"]
[SourceTitle "EXT 2023"]
[Source "ChessBase"]
[SourceDate "2022.10.05"]
[SourceVersion "1"]
[SourceVersionDate "2022.10.05"]
[SourceQuality "1"]

1. d4 d5 2. Nf3 Nf6 3. c4 c6 4. Nc3 a6 5. Qc2 g6 6. Bg5 Bg7 7. e3 Nbd7 8. cxd5 cxd5 9. Be2 0-0 10. 0-0 Nb6 11. a4 Bf5 12. Qb3 a5 13. Rfc1 Rc8 14. Qb5 Ra8 15. b3 h6 16. Bf4 Ne8 17. Qc5 e6 18. Nb5 g5 19. Bc7 Nxc7 20. Nxc7 Nd7 21. Qc3 Ra7 22. Nb5 Ra8 23. Qc7 b6 24. Nd6 Qe7 25. Bb5 Rfd8 26. Ne5 Bxe5 27. dxe5 Kf8 28. Nb7 Rac8 29. Qxc8 Rxc8 30. Rxc8+ Kg7 31. Rc7 1-0

[Event "DSOL 01 Liga Gr-A 1st"]
[Site "Playchess.com INT"]
[Date "2020.08.05"]
[Round "7.3"]
[White "Di Franco, Patricio"]
[Black "Sarec, Ivica"]
[Result "1-0"]
[WhiteElo "2058"]
[BlackElo "2012"]
[PlyCount "87"]
[EventDate "2020.06.22"]
[EventType "team-tourn (rapid)"]
[EventCountry "GER"]
[SourceTitle "EXT 2021"]
[Source "ChessBase"]
[SourceDate "2020.10.23"]
[SourceVersion "1"]
[SourceVersionDate "2020.10.23"]
[SourceQuality "1"]
[WhiteTeam "Koeln Lasker"]
[BlackTeam "Herzogenaurach"]
[WhiteTeamCountry "GER"]
[BlackTeamCountry "GER"]

1. d4 Nf6 2. c4 c5 3. d5 b5 4. Nf3 g6 5. e4 Nxe4 6. Bd3 Nf6 7. cxb5 Bb7 8. d6 e6 9. Bf4 Nd5 10. Be5 f6 11. Qc2 Qa5+ 12. Bc3 Nxc3 13. Nxc3 Bxd6 14. Bxg6+ Ke7 15. Be4 Qc7 16. 0-0-0 Bf4+ 17. Kb1 d5 18. Rxd5 exd5 19. Bxd5 Kf8 20. Qe4 Nd7 21. Bxb7 Re8 22. Qc6 Rb8 23. Qxc7 Bxc7 24. Bc6 Nb6 25. Ne4 Kf7 26. Nxc5 Rbd8 27. Re1 Rd6 28. Ne4 Rd3 29. Nc5 Rd6 30. Nb7 Rd3 31. Kc2 Rxf3 32. Bxf3 Be5 33. Kb3 h5 34. h4 Ke6 35. Bc6 Kf7 36. a4 Nc8 37. Rd1 Ne7 38. Rd7 Rb8 39. Nc5 Kf8 40. Kc4 Bxb2 41. Ne6+ Kf7 42. Nc5 Kf8 43. Rxa7 Rd8 44. Ne6+ 1-0

[Event "Rhein Main op-A 22nd"]
[Site "Bad Homburg"]
[Date "2019.06.22"]
[Round "5"]
[White "Lehmann, Tim"]
[Black "Di Franco, Patricio"]
[Result "1/2-1/2"]
[WhiteElo "1984"]
[BlackElo "2108"]
[PlyCount "42"]
[EventDate "2019.06.19"]
[EventType "swiss"]
[EventRounds "9"]
[EventCountry "GER"]
[SourceTitle "EXT 2020"]
[Source "ChessBase"]
[SourceDate "2019.10.17"]
[SourceVersion "1"]
[SourceVersionDate "2019.10.17"]
[SourceQuality "1"]

1. d4 g6 2. Bf4 Bg7 3. e3 d6 4. Nf3 Nd7 5. Be2 e5 6. Bg3 Nh6 7. Bh4 f6 8. dxe5 dxe5 9. Bc4 Nf5 10. Bg3 Qe7 11. c3 Nb6 12. Bb3 a5 13. a4 Be6 14. Nbd2 Rd8 15. Qe2 c6 16. e4 Nd6 17. 0-0 Bh6 18. Rfd1 0-0 19. Bxe6+ Qxe6 20. b3 Rf7 21. Ne1 Nbc8 1/2-1/2

[Event "Rhein Main op-A 22nd"]
[Site "Bad Homburg"]
[Date "2019.06.21"]
[Round "4"]
[White "Di Franco, Patricio"]
[Black "Lahouel, Kim Luca"]
[Result "0-1"]
[WhiteElo "2108"]
[BlackElo "1974"]
[PlyCount "64"]
[EventDate "2019.06.19"]
[EventType "swiss"]
[EventRounds "9"]
[EventCountry "GER"]
[SourceTitle "EXT 2020"]
[Source "ChessBase"]
[SourceDate "2019.10.17"]
[SourceVersion "1"]
[SourceVersionDate "2019.10.17"]
[SourceQuality "1"]

1. d4 d5 2. c4 e6 3. Nc3 c6 4. Nf3 dxc4 5. e4 b5 6. Be2 Nf6 7. 0-0 Bb4 8. e5 Nd5 9. Ne4 h6 10. b3 Nc3 11. Nxc3 Bxc3 12. Rb1 0-0 13. bxc4 b4 14. Be3 a5 15. Qc1 Qe7 16. Rd1 Nd7 17. Qc2 Bb7 18. Qe4 Rfb8 19. Bd3 Nf8 20. Qg4 Kh8 21. Qh5 c5 22. d5 exd5 23. Bg5 Qe6 24. cxd5 Bxd5 25. Bf6 gxf6 26. Bf5 Qc6 27. Qxh6+ Kg8 28. Rd3 fxe5 29. Qg5+ Ng6 30. Nh4 Be4 31. Nxg6 fxg6 32. Rd7 Bxf5 0-1

[Event "Mittelrhein Verbandsliga-W 18/19"]
[Site "Nordrheinwestfalen"]
[Date "2019.05.05"]
[Round "10.3"]
[White "Cornelius, Jorg"]
[Black "Di Franco, Patricio"]
[Result "1/2-1/2"]
[WhiteElo "1931"]
[BlackElo "2035"]
[PlyCount "48"]
[EventDate "2018.09.02"]
[EventType "team-tourn"]
[EventRounds "11"]
[EventCountry "GER"]
[SourceTitle "EXT 2022"]
[Source "ChessBase"]
[SourceDate "2021.10.06"]
[SourceVersion "1"]
[SourceVersionDate "2021.10.06"]
[SourceQuality "1"]
[WhiteTeam "Uebach Palenberg"]
[BlackTeam "Koeln Lasker II"]
[WhiteTeamCountry "GER"]
[BlackTeamCountry "GER"]

1. e4 g6 2. d4 Bg7 3. Nc3 c6 4. f4 d5 5. e5 Nh6 6. Nf3 f6 7. Bd3 Bg4 8. h3 Bxf3 9. Qxf3 0-0 10. Qg3 e6 11. 0-0 fxe5 12. fxe5 Rxf1+ 13. Kxf1 Qf8+ 14. Kg1 Nf5 15. Qf2 c5 16. Nb5 Qe7 17. c3 Nc6 18. Bxf5 gxf5 19. Be3 cxd4 20. cxd4 a6 21. Nc3 Qb4 22. Rd1 Rc8 23. Qd2 Na5 24. Nxd5 Qxd2 1/2-1/2

[Event "NRW Class2 1819"]
[Site "Germany"]
[Date "2019.04.14"]
[Round "8.8"]
[White "Di Franco, Patricio"]
[Black "Funke, Reinhard"]
[Result "1-0"]
[WhiteElo "2035"]
[BlackElo "2059"]
[PlyCount "47"]
[EventDate "2018.09.16"]
[EventType "team-tourn"]
[EventRounds "9"]
[EventCountry "GER"]
[SourceTitle "EXT 2022"]
[Source "ChessBase"]
[SourceDate "2021.10.06"]
[SourceVersion "1"]
[SourceVersionDate "2021.10.06"]
[SourceQuality "1"]
[WhiteTeam "Koeln Lasker"]
[BlackTeam "Suedlohn"]
[WhiteTeamCountry "GER"]
[BlackTeamCountry "GER"]

1. d4 d5 2. c4 e6 3. Nc3 Be7 4. cxd5 exd5 5. Bf4 c6 6. Qc2 Nf6 7. e3 Nbd7 8. h3 Nf8 9. Nf3 Ne6 10. Bh2 0-0 11. Bd3 g6 12. 0-0-0 b5 13. Ne5 Bd7 14. Kb1 Qb6 15. g4 Rfd8 16. f4 Be8 17. f5 Nf8 18. h4 c5 19. g5 c4 20. Be2 Nh5 21. Bf3 Qb7 22. Qg2 Rac8 23. Nxd5 Rxd5 24. Bxd5 1-0

[Event "Mittelrhein Verbandsliga-S 17/18"]
[Site "Nordrheinwestfalen"]
[Date "2018.01.14"]
[Round "6.5"]
[White "Di Franco, Patricio"]
[Black "Schlicht, Markus"]
[Result "1/2-1/2"]
[WhiteElo "2030"]
[BlackElo "1889"]
[PlyCount "117"]
[EventDate "2017.09.10"]
[EventType "team-tourn"]
[EventRounds "11"]
[EventCountry "GER"]
[SourceTitle "EXT 2022"]
[Source "ChessBase"]
[SourceDate "2021.10.06"]
[SourceVersion "1"]
[SourceVersionDate "2021.10.06"]
[SourceQuality "1"]
[WhiteTeam "Koeln Lasker II"]
[BlackTeam "Bruehl II"]
[WhiteTeamCountry "GER"]
[BlackTeamCountry "GER"]

1. d4 Nf6 2. c4 g6 3. Nc3 Bg7 4. e4 d6 5. Bg5 0-0 6. f3 c6 7. Qd2 Nbd7 8. Nh3 e5 9. d5 Qc7 10. Be2 cxd5 11. cxd5 Nc5 12. Nf2 a5 13. 0-0 Ne8 14. Nb5 Qd7 15. Rac1 b6 16. Na3 Nc7 17. Nc4 Rb8 18. Be3 Nb5 19. Nxb6 Rxb6 20. Qxa5 Qa7 21. Qxa7 Nxa7 22. Rb1 Ba6 23. Bxa6 Rxa6 24. b4 Nd7 25. b5 Rxa2 26. b6 Ra3 27. Bc1 Ra6 28. bxa7 Rxa7 29. Be3 Rc7 30. Rfc1 Rfc8 31. Rxc7 Rxc7 32. Ra1 Bf8 33. Kf1 f6 34. Ke2 Kf7 35. Ra2 Be7 36. Nd3 f5 37. Nb4 Rb7 38. Nc6 Nf6 39. Ra4 Rb2+ 40. Bd2 fxe4 41. fxe4 Nxe4 42. Ra7 Nc3+ 43. Kd3 Nxd5 44. Nxe7 Nxe7 45. Bg5 Rxg2 46. Bxe7 Rxh2 47. Bxd6+ Ke6 48. Bb8 Rb2 49. Bc7 Rb1 50. Ra5 Re1 51. Kd2 Re4 52. Kd3 Kf5 53. Ra8 Rd4+ 54. Ke3 Rc4 55. Rf8+ Ke6 56. Bb8 Rb4 57. Re8+ Kf7 58. Rh8 Rb5 59. Ke4 1/2-1/2

[Event "Mittelrhein Regionalliga 1718"]
[Site "Nordrheinwestfalen"]
[Date "2017.09.10"]
[Round "1.8"]
[White "Di Franco, Patricio"]
[Black "Schumacher, Markus"]
[Result "1-0"]
[WhiteElo "2059"]
[BlackElo "1757"]
[PlyCount "67"]
[EventDate "2017.09.10"]
[EventType "team-tourn"]
[EventRounds "9"]
[EventCountry "GER"]
[SourceTitle "EXT 2022"]
[Source "ChessBase"]
[SourceDate "2021.10.06"]
[SourceVersion "1"]
[SourceVersionDate "2021.10.06"]
[SourceQuality "1"]
[WhiteTeam "Koeln Lasker"]
[BlackTeam "Godesberg II"]
[WhiteTeamCountry "GER"]
[BlackTeamCountry "GER"]

1. c4 Nf6 2. Nc3 g6 3. e4 d6 4. d4 Bg7 5. f4 0-0 6. Nf3 c5 7. d5 Na6 8. Be2 Nc7 9. 0-0 a6 10. e5 Nfe8 11. a4 Rb8 12. Qe1 e6 13. Be3 exd5 14. cxd5 b6 15. Rd1 Qe7 16. Qg3 Bf5 17. Nh4 Bc2 18. Rd2 Bb3 19. Nf3 b5 20. f5 Bxe5 21. Nxe5 dxe5 22. f6 Qd8 23. Bxc5 Nxf6 24. Bxf8 Kxf8 25. d6 Ncd5 26. Nxd5 Bxd5 27. Qxe5 Qb6+ 28. Kh1 Qc6 29. Qxf6 Bxg2+ 30. Kg1 Kg8 31. Qxf7+ Kh8 32. Qf6+ Kg8 33. Bf3 Qc5+ 34. Kxg2 1-0

[Event "Rhein Main op-A 20th"]
[Site "Bad Homburg"]
[Date "2017.06.17"]
[Round "6"]
[White "Di Franco, Patricio"]
[Black "Drill, Frank J"]
[Result "1/2-1/2"]
[WhiteElo "2119"]
[BlackElo "2036"]
[PlyCount "23"]
[EventDate "2017.06.14"]
[EventType "swiss"]
[EventRounds "7"]
[EventCountry "GER"]
[SourceTitle "EXT 2018"]
[Source "ChessBase"]
[SourceDate "2017.10.13"]
[SourceVersion "1"]
[SourceVersionDate "2017.10.13"]
[SourceQuality "1"]

1. c4 b6 2. d4 e6 3. Nc3 Bb4 4. e3 Bb7 5. f3 f5 6. Bd3 Qh4+ 7. Kf1 Bxc3 8. bxc3 Ne7 9. Nh3 Nbc6 10. Bd2 g5 11. Qe1 Qh5 12. Qg3 1/2-1/2

[Event "Rhein Main op-A 20th"]
[Site "Bad Homburg"]
[Date "2017.06.14"]
[Round "1"]
[White "Lehnert, Michael"]
[Black "Di Franco, Patricio"]
[Result "1/2-1/2"]
[WhiteElo "1911"]
[BlackElo "2119"]
[PlyCount "64"]
[EventDate "2017.06.14"]
[EventType "swiss"]
[EventRounds "7"]
[EventCountry "GER"]
[SourceTitle "EXT 2018"]
[Source "ChessBase"]
[SourceDate "2017.10.13"]
[SourceVersion "1"]
[SourceVersionDate "2017.10.13"]
[SourceQuality "1"]

1. g3 g6 2. Bg2 Bg7 3. e4 d6 4. d3 Nf6 5. h3 0-0 6. Ne2 c5 7. c4 Nc6 8. Nbc3 a6 9. Be3 Bd7 10. 0-0 Rb8 11. Qd2 b5 12. f4 bxc4 13. dxc4 Ne8 14. Rad1 Nd4 15. Nxd4 cxd4 16. Bxd4 Bxd4+ 17. Qxd4 Rxb2 18. Rb1 Rxb1 19. Rxb1 Ng7 20. Qb6 Qxb6+ 21. Rxb6 Be6 22. Nd5 Bxd5 23. cxd5 Nh5 24. Rxa6 Nxg3 25. Kf2 Nh5 26. Ke3 Rc8 27. Ra3 Rc2 28. Bf1 Kg7 29. e5 Rc5 30. Bg2 Rc4 31. Be4 f5 32. Bd3 Rxf4 1/2-1/2

[Event "Mittelrhein Verbandsliga-O 16/17"]
[Site "Nordrheinwestfalen"]
[Date "2016.10.02"]
[Round "2"]
[White "Di Franco, Patricio"]
[Black "Luett, Michael"]
[Result "1/2-1/2"]
[WhiteElo "2064"]
[BlackElo "1961"]
[PlyCount "26"]
[EventDate "2016.09.11"]
[EventType "team-tourn"]
[EventRounds "11"]
[EventCountry "GER"]
[SourceTitle "EXT 2022"]
[Source "ChessBase"]
[SourceDate "2021.10.06"]
[SourceVersion "1"]
[SourceVersionDate "2021.10.06"]
[SourceQuality "1"]
[WhiteTeam "Koeln Lasker II"]
[BlackTeam "Troisdorf"]
[WhiteTeamCountry "GER"]
[BlackTeamCountry "GER"]

1. d4 d5 2. c4 e6 3. Nc3 c6 4. Nf3 dxc4 5. g3 b5 6. Bg2 Bb7 7. 0-0 Nf6 8. Ne5 a6 9. a4 Be7 10. axb5 axb5 11. Rxa8 Bxa8 12. Nxb5 cxb5 13. Bxa8 0-0 1/2-1/2

[Event "Rhein Main op-A 19th"]
[Site "Bad Homburg"]
[Date "2016.05.29"]
[Round "7"]
[White "Di Franco, Patricio"]
[Black "Goebel, Andreas"]
[Result "1-0"]
[WhiteElo "2113"]
[BlackElo "1980"]
[PlyCount "51"]
[EventDate "2016.05.25"]
[EventType "swiss"]
[EventRounds "7"]
[EventCountry "GER"]
[SourceTitle "EXT 2017"]
[Source "ChessBase"]
[SourceDate "2016.10.25"]
[SourceVersion "1"]
[SourceVersionDate "2016.10.25"]
[SourceQuality "1"]

1. d4 Nf6 2. c4 e6 3. Nf3 d5 4. Nc3 Be7 5. Bf4 c6 6. e3 Nbd7 7. Qc2 0-0 8. h3 dxc4 9. Bxc4 b5 10. Bd3 Bb7 11. 0-0 a6 12. Rad1 Qb6 13. Ne5 h6 14. Qe2 c5 15. Bb1 cxd4 16. exd4 Rfd8 17. Rfe1 Nf8 18. Be3 Qd6 19. a3 Rac8 20. Rd3 b4 21. axb4 Qxb4 22. Bxh6 Rxd4 23. Rg3 Ng6 24. Nxg6 fxg6 25. Qxe6+ Kh8 26. Bxg7+ 1-0

[Event "Rhein Main op-A 19th"]
[Site "Bad Homburg"]
[Date "2016.05.28"]
[Round "5"]
[White "Di Franco, Patricio"]
[Black "Ochmann, Reimund"]
[Result "0-1"]
[WhiteElo "2113"]
[BlackElo "2037"]
[PlyCount "36"]
[EventDate "2016.05.25"]
[EventType "swiss"]
[EventRounds "7"]
[EventCountry "GER"]
[SourceTitle "EXT 2017"]
[Source "ChessBase"]
[SourceDate "2016.10.25"]
[SourceVersion "1"]
[SourceVersionDate "2016.10.25"]
[SourceQuality "1"]

1. d4 d5 2. c4 c6 3. cxd5 cxd5 4. Nc3 Nf6 5. f3 e6 6. e4 dxe4 7. fxe4 Bb4 8. Qd3 0-0 9. Nf3 h6 10. g4 e5 11. Nxe5 Nxg4 12. Nxg4 Bxg4 13. Rg1 Bh5 14. Bf4 Re8 15. e5 Nc6 16. Qg3 g5 17. Bxg5 hxg5 18. Bd3 Nxd4 0-1

[Event "Rhein Main op-A 19th"]
[Site "Bad Homburg"]
[Date "2016.05.28"]
[Round "6"]
[White "Schramm, Matthias"]
[Black "Di Franco, Patricio"]
[Result "1/2-1/2"]
[WhiteElo "2006"]
[BlackElo "2113"]
[PlyCount "63"]
[EventDate "2016.05.25"]
[EventType "swiss"]
[EventRounds "7"]
[EventCountry "GER"]
[SourceTitle "EXT 2017"]
[Source "ChessBase"]
[SourceDate "2016.10.25"]
[SourceVersion "1"]
[SourceVersionDate "2016.10.25"]
[SourceQuality "1"]

1. c4 g6 2. Nc3 Bg7 3. d4 c5 4. Nf3 Na6 5. e3 Nf6 6. Be2 0-0 7. 0-0 d6 8. b3 b6 9. Bb2 e6 10. Rc1 Qe7 11. Qc2 Bb7 12. Rfd1 Rac8 13. Qb1 Nb8 14. h3 a6 15. dxc5 bxc5 16. Nd2 Ne8 17. Bf3 Nc6 18. Ne2 f5 19. Nf4 Nd8 20. Bxb7 Qxb7 21. Nf3 Qe7 22. Bxg7 Nxg7 23. h4 Nf7 24. Qb2 Rcd8 25. Rd2 Ne8 26. Rcd1 Nf6 27. g3 e5 28. Nd5 Nxd5 29. Rxd5 h6 30. Ne1 g5 31. Ng2 g4 32. Qe2 1/2-1/2

[Event "Rhein Main op-A 19th"]
[Site "Bad Homburg"]
[Date "2016.05.26"]
[Round "3"]
[White "Di Franco, Patricio"]
[Black "Begri, Felix"]
[Result "1-0"]
[WhiteElo "2113"]
[BlackElo "1935"]
[PlyCount "67"]
[EventDate "2016.05.25"]
[EventType "swiss"]
[EventRounds "7"]
[EventCountry "GER"]
[SourceTitle "EXT 2017"]
[Source "ChessBase"]
[SourceDate "2016.10.25"]
[SourceVersion "1"]
[SourceVersionDate "2016.10.25"]
[SourceQuality "1"]

1. d4 Nf6 2. Nf3 e6 3. c4 d5 4. Nc3 Bb4 5. cxd5 exd5 6. Bg5 0-0 7. e3 c6 8. Qc2 h6 9. Bh4 Re8 10. Bd3 Nbd7 11. 0-0 b6 12. Qa4 Bxc3 13. bxc3 Bb7 14. Qd1 Qc8 15. Bf5 g5 16. Nxg5 hxg5 17. Bxg5 Kg7 18. Qf3 Ne4 19. Qg4 Re6 20. Bxe6 fxe6 21. Bh4+ Kf8 22. Qxe6 Qe8 23. Qh6+ Kg8 24. Rac1 Qf8 25. Qe6+ Qf7 26. Qxf7+ Kxf7 27. f3 Nd6 28. e4 Ba6 29. Rfe1 Rh8 30. e5 Rxh4 31. exd6 Bc8 32. Re7+ Kf8 33. Rce1 Nf6 34. Rxa7 1-0

[Event "Rhein Main op-A 19th"]
[Site "Bad Homburg"]
[Date "2016.05.25"]
[Round "1"]
[White "Di Franco, Patricio"]
[Black "Sigurdsson, Snorri Thor"]
[Result "1-0"]
[WhiteElo "2113"]
[BlackElo "1915"]
[PlyCount "55"]
[EventDate "2016.05.25"]
[EventType "swiss"]
[EventRounds "7"]
[EventCountry "GER"]
[SourceTitle "EXT 2017"]
[Source "ChessBase"]
[SourceDate "2016.10.25"]
[SourceVersion "1"]
[SourceVersionDate "2016.10.25"]
[SourceQuality "1"]

1. d4 d5 2. c4 c6 3. cxd5 cxd5 4. Nc3 Nf6 5. f3 Nc6 6. e4 e6 7. e5 Nd7 8. f4 Be7 9. Nf3 0-0 10. Bd3 f6 11. 0-0 a6 12. Kh1 f5 13. Be3 b5 14. Rc1 Bb7 15. Rg1 Nb6 16. Bf2 Nc4 17. Qe2 Rc8 18. g4 Qd7 19. Rg3 g6 20. Rcg1 Kf7 21. gxf5 exf5 22. Rh3 Rh8 23. Nd1 Nd8 24. b3 Na5 25. e6+ Qxe6 26. Ne5+ Kg7 27. Ne3 Rf8 28. Qh5 1-0

[Event "NRW Class1 1516"]
[Site "Germany"]
[Date "2016.05.08"]
[Round "9.8"]
[White "Strozewski, Frank"]
[Black "Di Franco, Patricio"]
[Result "0-1"]
[WhiteElo "1957"]
[BlackElo "2084"]
[PlyCount "70"]
[EventDate "2015.09.27"]
[EventType "team-tourn"]
[EventRounds "9"]
[EventCountry "GER"]
[SourceTitle "EXT 2017"]
[Source "ChessBase"]
[SourceDate "2016.10.25"]
[SourceVersion "1"]
[SourceVersionDate "2016.10.25"]
[SourceQuality "1"]
[WhiteTeam "Erkenschwick"]
[BlackTeam "Koeln Lasker"]
[WhiteTeamCountry "GER"]
[BlackTeamCountry "GER"]

1. c4 g6 2. d4 Bg7 3. e4 c5 4. d5 d6 5. Nc3 Nf6 6. Be2 0-0 7. g4 e6 8. g5 Nfd7 9. dxe6 fxe6 10. Qxd6 Nc6 11. h4 Nd4 12. Bf4 Nc2+ 13. Kf1 Nxa1 14. h5 Qb6 15. hxg6 hxg6 16. Bg4 Qxd6 17. Bxd6 Re8 18. Bd1 Ne5 19. f4 Nxc4 20. Bxc5 b6 21. Bf2 Nxb2 22. e5 Nxd1 23. Nxd1 Nc2 24. Rh3 Nb4 25. Nc3 Bb7 26. Nge2 Rad8 27. Nd4 Nd5 28. Nce2 Kf7 29. Ra3 a6 30. Rb3 Rh8 31. Nc2 Bf8 32. Ng3 b5 33. a4 Nxf4 34. axb5 axb5 35. Rc3 Rc8 0-1